000 00579nam a22002057a 4500
003 OSt
005 20240625083326.0
008 240625b |||||||| |||| 00| 0 eng d
020 _a0701820098
040 _aDWC- Main Lib
_cOC
082 _aFil. 823 L415h 1992
100 _aLawson, Henry
245 _aHenry Lawson:
_ba literary heritage /
_cHenry Lawson.
260 _aSydney :
_bWeldon,
_cc1992.
300 _a304 pages :
_billustrations ;
_c28cm.
504 _aIncludes index.
650 _a1. Frontier and pioneer life
651 _a2. Australia
942 _2ddc
_cBK - FIL
_n1
999 _c1344
_d1344